| 000 | 00593nam a22001697a 4500 | ||
|---|---|---|---|
| 999 |
_c166897 _d166897 |
||
| 010 | _aENG-126171 | ||
| 020 |
_a978-93-8015-646-0 _c595.00 |
||
| 035 | _aEN-109703 | ||
| 037 | _bDBAD/PUB | ||
| 082 | _a338.954 | ||
| 100 | _aBagchi,S.K. | ||
| 245 |
_aProject: _cby S.K.Bagchi _bInfrastructure Finance/ |
||
| 260 |
_aNew Delhi _bAne Books Pvt.Ltd. _c2018 |
||
| 270 |
_a4821,Parwana Bhawan,1st Floor24 Ansari Road, Darya Ganj _bNew Delhi _e110002 _k+91(011)23276843 _l+91(011)23276863 _mkapoor@anebooks.com |
||
| 300 |
_axiv160p. _c23cm(hb) _bill |
||
| 942 |
_2ddc _cEN _h338.954 _mBAG |
||